[Event "IMSA Masters Blitz Women"]
[Site "Hengshui CHN"]
[Date "2019.05.17"]
[Round "1.2"]
[White "Gunina, Valentina"]
[Black "Bodnaruk, Anastasia"]
[Result "1-0"]
[WhiteTitle "GM"]
[BlackTitle "IM"]
[WhiteElo "2506"]
[BlackElo "2431"]
[WhiteFideId "4167570"]
[BlackFideId "4181751"]
[EventDate "2019.05.17"]

1. e4 c5 2. Nf3 d6 3. d4 cxd4 4. Qxd4 a6 5. Be2 Nc6 6. Qe3 g6 7. O-O Bg7 8. c4
Bg4 9. Rd1 e5 10. Qc3 Nd4 11. Nxd4 exd4 12. Qd3 Bxe2 13. Qxe2 Ne7 14. Bg5 O-O
15. Nd2 Qd7 16. Bxe7 Qxe7 17. Qd3 Rae8 18. Re1 f5 19. f3 Qe5 20. g3 f4 21. g4 h5
22. gxh5 Qxh5 23. Re2 g5 24. Rg2 Bf6 25. Rf1 Re7 26. Nb3 Qh8 27. Rff2 Rh7 28. c5
dxc5 29. Qc4+ Rff7 30. Nxc5 Rh3 31. Ne6 Kh7 32. Nxg5+ Bxg5 33. Qxf7+ Kh6 34.
Qe6+ 1-0

[Event "IMSA Masters Blitz Women"]
[Site "Hengshui CHN"]
[Date "2019.05.17"]
[Round "1.5"]
[White "Paehtz, Elisabeth"]
[Black "Koneru, Humpy"]
[Result "0-1"]
[WhiteTitle "IM"]
[BlackTitle "GM"]
[WhiteElo "2470"]
[BlackElo "2553"]
[WhiteFideId "4641833"]
[BlackFideId "5008123"]
[EventDate "2019.05.17"]

1. d4 d5 2. Bf4 Nf6 3. e3 Bf5 4. Nf3 e6 5. Bd3 Bxd3 6. cxd3 Bd6 7. Bg3 O-O 8.
Nc3 Nbd7 9. Qb3 Bxg3 10. hxg3 b6 11. Qd1 c5 12. Qe2 Rc8 13. Ne5 cxd4 14. exd4 h6
15. g4 Nxe5 16. dxe5 Nd7 17. d4 f6 18. exf6 Qxf6 19. O-O-O e5 20. Kb1 Qxf2 21.
Qb5 exd4 22. Qxd5+ Qf7 23. Qxd4 Nf6 24. g5 Qg6+ 25. Ka1 Qxg5 26. Ne4 Nxe4 27.
Qxe4 Kh8 28. a3 a5 29. Rd6 Rf6 30. Rd5 Qg6 31. Qd4 Qxg2 32. Rd1 Rcf8 33. Ka2 Qg6
34. Rd7 R6f7 35. Rd6 Rf6 36. Rd7 Kh7 37. Rd2 R8f7 38. Rd8 Rf8 39. Rd7 Qf5 40.
Rd5 Qe6 41. Qd3+ Kh8 42. Qb3 Rf5 43. a4 Rxd5 44. Rxd5 Qf6 45. Rb5 Rb8 46. Qc4
Rd8 47. Qb3 Rd6 48. Qc4 Qe6 49. Qxe6 Rxe6 50. Kb3 Rc6 51. Re5 Kh7 52. Ka3 Kg6
53. Re3 h5 54. b4 axb4+ 55. Kxb4 h4 56. Kb5 Rf6 57. Rc3 Kh5 58. Rd3 g5 59. Rd8
h3 60. Rg8 h2 61. Rh8+ Rh6 0-1

[Event "IMSA Masters Blitz Women"]
[Site "Hengshui CHN"]
[Date "2019.05.17"]
[Round "1.6"]
[White "Zhao, Xue"]
[Black "Abdumalik, Zhansaya"]
[Result "1-0"]
[WhiteTitle "GM"]
[BlackTitle "IM"]
[WhiteElo "2485"]
[BlackElo "2464"]
[WhiteFideId "8601283"]
[BlackFideId "13703544"]
[EventDate "2019.05.17"]

1. Nf3 Nf6 2. c4 d6 3. d4 g6 4. g3 Nbd7 5. Bg2 e5 6. O-O Bg7 7. Nc3 O-O 8. e4 c6
9. Qc2 Re8 10. Rd1 Qe7 11. b3 exd4 12. Nxd4 a5 13. Bf4 Ne5 14. h3 Nfd7 15. Na4
Nc5 16. Nxc5 dxc5 17. Ne2 f5 18. Nc3 fxe4 19. Nxe4 Bf5 20. Re1 Rad8 21. Rad1
Rxd1 22. Rxd1 Nf7 23. Re1 Rd8 24. Qc1 Qf8 25. Bc7 Ra8 26. g4 Bd7 27. Qf4 a4 28.
Nf6+ Bxf6 29. Qxf6 axb3 30. axb3 Nh6 31. Qg5 Nf7 32. Qd2 Re8 33. Rxe8 Qxe8 34.
Kh2 b5 35. Qf4 bxc4 36. bxc4 Qe6 37. Bb6 Qe7 38. Ba5 Qe5 39. Bc7 Qe6 40. Qd2 Kg7
41. Qc3+ Qf6 42. Qe3 Qd4 43. Qe7 Kg8 44. Bg3 h5 45. gxh5 gxh5 46. h4 Bg4 47.
Bxc6 Qxc4 48. Qe8+ Kg7 49. Qe7 Qd4 50. Be8 Qf6 51. Qe4 Nd6 52. Qe3 Nxe8 53. Be5
c4 54. Bxf6+ Nxf6 55. Qe7+ Kg6 56. Qc7 Be2 57. Qg3+ Ng4+ 58. Kg2 Kf5 59. Qc7 Bd3
60. Qc5+ Kg6 61. Qg5+ Kf7 62. Qxh5+ 1-0

[Event "IMSA Masters Blitz Women"]
[Site "Hengshui CHN"]
[Date "2019.05.17"]
[Round "1.7"]
[White "Khotenashvili, Bela"]
[Black "Harika, Dronavalli"]
[Result "1/2-1/2"]
[WhiteTitle "GM"]
[BlackTitle "GM"]
[WhiteElo "2476"]
[BlackElo "2492"]
[WhiteFideId "13602640"]
[BlackFideId "5015197"]
[EventDate "2019.05.17"]

1. Nf3 d6 2. d4 g6 3. c4 Bg7 4. Nc3 Nd7 5. g3 Ngf6 6. Bg2 O-O 7. O-O e5 8. e4
exd4 9. Nxd4 Nc5 10. h3 Re8 11. Re1 Bd7 12. b3 a5 13. Bb2 a4 14. Rb1 axb3 15.
axb3 c6 16. b4 Ne6 17. Nc2 Ng5 18. h4 Nh3+ 19. Kf1 Bg4 20. Qd3 Nh5 21. Ne3 Be6
22. Nf5 gxf5 23. exf5 N5f4 24. gxf4 Nxf4 25. Qe4 Nxg2 26. fxe6 Nxe1 27. exf7+
Kxf7 28. Qxh7 Qd7 29. Ne4 Qh3+ 30. Kxe1 Qg4 31. f3 Rxe4+ 32. fxe4 Qg3+ 33. Kd2
Qg2+ 34. Kd3 Qg3+ 35. Kd2 Qg2+ 36. Kd3 Qf3+ 37. Kd2 Qf2+ 38. Kd3 Qf3+ 39. Kd2
Qg2+ 40. Kd3 Qg3+ 41. Kd2 Qf2+ 1/2-1/2

[Event "IMSA Masters Blitz Women"]
[Site "Hengshui CHN"]
[Date "2019.05.17"]
[Round "2.1"]
[White "Lei, Tingjie"]
[Black "Ushenina, Anna"]
[Result "1-0"]
[WhiteTitle "GM"]
[BlackTitle "GM"]
[WhiteElo "2507"]
[BlackElo "2442"]
[WhiteFideId "8605114"]
[BlackFideId "14110911"]
[EventDate "2019.05.17"]

1. e4 c6 2. d4 d5 3. e5 c5 4. dxc5 e6 5. a3 Bxc5 6. b4 Be7 7. Nf3 a5 8. b5 Nd7
9. Bb2 Nh6 10. Bd3 f6 11. O-O Nf7 12. exf6 Bxf6 13. Nc3 Nc5 14. Re1 O-O 15. Bf1
a4 16. Rb1 Qd6 17. Na2 Bxb2 18. Rxb2 e5 19. Nb4 Be6 20. h3 Rad8 21. Qe2 Ne4 22.
c4 Nc3 23. Qc2 d4 24. Bd3 e4 25. Rxe4 Nxe4 26. Bxe4 h6 27. c5 Qc7 28. b6 Qc8 29.
c6 bxc6 30. Nxc6 Rd7 31. Nh4 Ng5 32. Bd3 Bd5 33. Nb4 Qxc2 34. Rxc2 Bb7 35. Ng6
Rc8 36. Rxc8+ Bxc8 37. Bf5 Rd6 38. Ne7+ Kf7 39. Nxc8 d3 40. Nxd6+ Kf6 41. Bxd3
Ne6 42. b7 1-0

[Event "IMSA Masters Blitz Women"]
[Site "Hengshui CHN"]
[Date "2019.05.17"]
[Round "2.2"]
[White "Bodnaruk, Anastasia"]
[Black "Gunina, Valentina"]
[Result "1-0"]
[WhiteTitle "IM"]
[BlackTitle "GM"]
[WhiteElo "2431"]
[BlackElo "2506"]
[WhiteFideId "4181751"]
[BlackFideId "4167570"]
[EventDate "2019.05.17"]

1. e4 c6 2. d4 d5 3. e5 Bf5 4. Nf3 e6 5. Be2 Nd7 6. O-O h6 7. c3 Ne7 8. Nbd2 a5
9. Ne1 c5 10. Ndf3 Nc6 11. Bd3 Bxd3 12. Nxd3 Be7 13. Be3 cxd4 14. cxd4 O-O 15.
Nd2 Qb6 16. Qg4 Kh7 17. Nf4 Rad8 18. Nf3 Qxb2 19. Rab1 Qxa2 20. Rxb7 a4 21. Nh5
Rg8 22. Qf4 Qc2 23. Qxf7 Qg6 24. Qxg6+ Kxg6 25. Nf4+ Kf7 26. Rc1 Na5 27. Ra7 Nc4
28. Rxa4 Ra8 29. Rxa8 Rxa8 30. h4 Ra3 31. Re1 Bb4 32. Re2 Nb8 33. h5 Nc6 34. g4
Ra1+ 35. Kg2 Bc3 36. g5 Rd1 37. g6+ Ke7 38. Ra2 Ra1 39. Rc2 Ra3 40. Ne2 Bb4 41.
Bf4 Rd3 42. Ra2 Ra3 43. Rc2 Rd3 44. Ra2 Ra3 45. Rc2 Rd3 46. Kg3 Ra3 47. Kg4 Rd3
48. Rc1 Ra3 49. Rd1 Ra8 50. Rb1 Ra4 51. Kg3 Na3 52. Rc1 Nc4 53. Nh2 Ra2 54. Ng1
Ra3+ 55. Ngf3 Nxd4 56. Rd1 Ne2+ 57. Kg4 Nxf4 58. Kxf4 Nb2 59. Rb1 Nd3+ 60. Kg4
Kd7 61. Nd4 Ra4 62. Kf3 Nxe5+ 63. Ke2 Nc6 64. Nxc6 Kxc6 65. Ng4 d4 66. Nxh6 Kd5
67. Nf7 Ra2+ 68. Kf3 Be7 69. Rb7 Bf6 70. h6 gxh6 71. Nxh6 Ra3+ 72. Kg2 Kc6 73.
Rb1 d3 74. Ng4 Bg7 75. Rd1 Kc5 76. f4 Kd4 77. Kf3 Kc3 78. Ne3 Bd4 79. Rg1 d2 80.
g7 Bxg7 81. Rxg7 Kb2 82. Rd7 Kc1 1-0

[Event "IMSA Masters Blitz Women"]
[Site "Hengshui CHN"]
[Date "2019.05.17"]
[Round "2.3"]
[White "Dzagnidze, Nana"]
[Black "Tan, Zhongyi"]
[Result "1/2-1/2"]
[WhiteTitle "GM"]
[BlackTitle "GM"]
[WhiteElo "2510"]
[BlackElo "2513"]
[WhiteFideId "13601903"]
[BlackFideId "8603642"]
[EventDate "2019.05.17"]

1. Nf3 d5 2. d4 Nf6 3. Bf4 e6 4. e3 c5 5. c3 Nc6 6. Nbd2 Bd6 7. Bg3 O-O 8. Bd3
b6 9. O-O Bb7 10. Ne5 Qc7 11. f4 Ne7 12. Bh4 Ne4 13. Bxe7 Qxe7 14. Nxe4 dxe4 15.
Be2 Rfd8 16. Qe1 Rac8 17. Rd1 a6 18. Qf2 b5 19. h3 Bd5 20. c4 bxc4 21. Bxc4 cxd4
22. Bxd5 exd5 23. Rxd4 Qe6 24. Ng4 f5 25. Ne5 Rf8 26. Rfd1 Rc5 27. Qd2 Bxe5 28.
fxe5 Rd8 29. b4 Rb5 30. a4 Rb7 31. Rxd5 Rxd5 32. Qxd5 Qxd5 33. Rxd5 Rxb4 34. e6
Kf8 35. Rxf5+ Ke7 36. Rf7+ Kxe6 37. Rxg7 Rxa4 38. Rxh7 Ra2 39. Kh2 Re2 40. Rh6+
Ke5 41. Rh5+ Kf6 42. Ra5 Rxe3 43. h4 Re1 44. Kg3 Rf1 45. Rxa6+ Ke5 46. Ra8 e3
47. Re8+ Kd4 48. h5 Kd3 49. h6 Rh1 50. Kf3 Rf1+ 51. Kg4 e2 52. Kg5 Rh1 53. Kg6
Rh4 54. h7 Rg4+ 55. Kf5 Rh4 56. Kg6 Rg4+ 57. Kf6 Rh4 58. Kg7 Rg4+ 59. Kf6 Rh4
60. Kg6 Rg4+ 61. Kf5 Rh4 62. Kg6 Rg4+ 63. Kf5 Rh4 64. Kg6 Rg4+ 1/2-1/2

[Event "IMSA Masters Blitz Women"]
[Site "Hengshui CHN"]
[Date "2019.05.17"]
[Round "2.5"]
[White "Koneru, Humpy"]
[Black "Paehtz, Elisabeth"]
[Result "1-0"]
[WhiteTitle "GM"]
[BlackTitle "IM"]
[WhiteElo "2553"]
[BlackElo "2470"]
[WhiteFideId "5008123"]
[BlackFideId "4641833"]
[EventDate "2019.05.17"]

1. Nf3 g6 2. g3 Bg7 3. d4 d6 4. Bg2 Nd7 5. O-O e5 6. dxe5 dxe5 7. c4 Ngf6 8. Nc3
c6 9. Qc2 O-O 10. Rd1 Qe7 11. b3 h6 12. Nd2 Nc5 13. Ba3 Bf5 14. Nde4 Nfxe4 15.
Bxe4 b6 16. Bxf5 gxf5 17. Qxf5 e4 18. Rac1 e3 19. f3 Rad8 20. Ne4 Rxd1+ 21. Rxd1
Rd8 22. Rf1 Qe6 23. Qxe6 Nxe6 24. c5 Rd5 25. Rc1 f5 26. cxb6 axb6 27. Rxc6 Nd4
28. Rc8+ Kh7 29. Nc3 Ra5 30. Bb4 Ra7 31. a4 Nc2 32. Bd6 Rd7 33. Bf4 Rd1+ 34.
Nxd1 1-0

[Event "IMSA Masters Blitz Women"]
[Site "Hengshui CHN"]
[Date "2019.05.17"]
[Round "2.6"]
[White "Abdumalik, Zhansaya"]
[Black "Zhao, Xue"]
[Result "0-1"]
[WhiteTitle "IM"]
[BlackTitle "GM"]
[WhiteElo "2464"]
[BlackElo "2485"]
[WhiteFideId "13703544"]
[BlackFideId "8601283"]
[EventDate "2019.05.17"]

1. e4 e5 2. Nf3 Nf6 3. d4 exd4 4. e5 Ne4 5. Qxd4 d5 6. exd6 Nxd6 7. Nc3 Nc6 8.
Qa4 Be7 9. Bd3 Bf5 10. Bxf5 Nxf5 11. Bf4 O-O 12. O-O Bd6 13. Rad1 Qc8 14. Nd5
Re8 15. Bxd6 Nxd6 16. Qf4 Re4 17. Qg3 Re6 18. Rfe1 Rg6 19. Qh4 h6 20. Kh1 Kh7
21. Ne7 Nxe7 22. Rxe7 Nf5 23. Qe4 Nxe7 24. Qxe7 Qg4 25. Rg1 Qe6 26. Qxc7 Rc8 27.
Qxb7 Rxc2 28. Nd4 Qc8 29. Qxf7 Rxb2 30. Qf3 Qg4 31. Qe3 Rb1 32. Qf3 Rxg1+ 33.
Kxg1 Qxd4 0-1

[Event "IMSA Masters Blitz Women"]
[Site "Hengshui CHN"]
[Date "2019.05.17"]
[Round "2.7"]
[White "Harika, Dronavalli"]
[Black "Khotenashvili, Bela"]
[Result "1/2-1/2"]
[WhiteTitle "GM"]
[BlackTitle "GM"]
[WhiteElo "2492"]
[BlackElo "2476"]
[WhiteFideId "5015197"]
[BlackFideId "13602640"]
[EventDate "2019.05.17"]

1. Nf3 g6 2. e4 Bg7 3. d4 c6 4. Nc3 d5 5. h3 Nh6 6. Bd3 O-O 7. O-O f6 8. Re1 Nf7
9. exd5 cxd5 10. Bf4 Nc6 11. Bb5 e6 12. Bg3 Nd6 13. Bd3 Re8 14. a3 Nf5 15. Bxf5
gxf5 16. Qd2 a6 17. Kh1 Bd7 18. Na4 b6 19. b3 Ne7 20. Qb4 a5 21. Qxb6 Ng6 22.
Bc7 Qc8 23. Nc5 Bf8 24. Bd6 Kf7 25. Bxf8 Nxf8 26. Qd6 Qc6 27. Qg3 Ng6 28. Nh4 e5
29. Nxd7 Qxd7 30. dxe5 fxe5 31. Qg5 Nxh4 32. Qxh4 Kg7 33. Qg3+ Kf6 34. Qh4+ Kg7
35. Qg5+ Kf7 36. Rad1 Ra6 37. Rd3 Rg6 38. Qh5 Kg7 39. Rf3 Rf6 40. Rg3+ Kh8 41.
Rge3 e4 42. Qg5 Rf7 43. Rg3 d4 44. Qf4 Qc7 45. Qd2 Rd8 46. Qg5 Re8 47. Qd2 Rd8
48. Qg5 Re8 49. Rd1 Qxc2 50. Rxd4 Qxf2 51. Rd7 Qe1+ 52. Kh2 Qxg3+ 53. Qxg3 Rxd7
54. Qc3+ Kg8 55. Qc4+ Kg7 56. Qc3+ Kf7 57. Qxa5 Kf6 58. Qc3+ Kf7 59. Qc4+ Kf6
60. Qc3+ Kf7 61. Qc4+ Ke7 62. Qc5+ Ke6 63. Qc6+ Ke7 64. Qc5+ Ke6 65. Qc6+ Ke7 1/2-1/2

[Event "IMSA Masters Blitz Women"]
[Site "Hengshui CHN"]
[Date "2019.05.17"]
[Round "3.1"]
[White "Koneru, Humpy"]
[Black "Zhao, Xue"]
[Result "1-0"]
[WhiteTitle "GM"]
[BlackTitle "GM"]
[WhiteElo "2553"]
[BlackElo "2485"]
[WhiteFideId "5008123"]
[BlackFideId "8601283"]
[EventDate "2019.05.17"]

1. d4 Nf6 2. Nf3 e6 3. e3 c5 4. Bd3 b6 5. O-O Be7 6. b3 cxd4 7. exd4 O-O 8. Bb2
Bb7 9. Nbd2 a5 10. c4 a4 11. bxa4 d5 12. Ne5 Nc6 13. Ndf3 Nb4 14. Be2 dxc4 15.
Bxc4 Nbd5 16. Rc1 Ra5 17. Bb5 Bd6 18. Qb3 Nf4 19. Nc6 Bxc6 20. Rxc6 N6d5 21.
Rxd6 Qxd6 22. Ba3 Qb8 23. Bxf8 Qxf8 24. g3 Ng6 25. Rc1 Ra8 26. h4 h6 27. Rc2 Rc8
28. Bc4 Nge7 29. Ne5 Qd8 30. Bxd5 Nxd5 31. Rxc8 Qxc8 32. Qf3 Qc7 33. Qb3 f6 34.
Nc4 Kf7 35. Ne3 Qc1+ 36. Kg2 Ne7 37. Qxb6 Qd2 38. a3 Qa2 39. Qb4 Nc6 40. Qb7+
Ne7 41. a5 f5 42. a6 f4 43. gxf4 Kf6 44. Ng4+ Kf5 45. Ne3+ Kf6 46. Ng4+ Kf5 47.
a7 Ng6 48. Qf7+ 1-0

[Event "IMSA Masters Blitz Women"]
[Site "Hengshui CHN"]
[Date "2019.05.17"]
[Round "3.4"]
[White "Ushenina, Anna"]
[Black "Gunina, Valentina"]
[Result "1-0"]
[WhiteTitle "GM"]
[BlackTitle "GM"]
[WhiteElo "2442"]
[BlackElo "2506"]
[WhiteFideId "14110911"]
[BlackFideId "4167570"]
[EventDate "2019.05.17"]

1. d4 Nf6 2. Nf3 e6 3. Bf4 b6 4. e3 Bb7 5. Nbd2 Be7 6. h3 O-O 7. Bd3 c5 8. c3 d5
9. O-O Bd6 10. Bxd6 Qxd6 11. Qe2 Nc6 12. dxc5 bxc5 13. e4 Nd7 14. Rad1 h6 15.
Rfe1 Rad8 16. Bb1 Nb6 17. exd5 exd5 18. Qd3 g6 19. Qe3 Kg7 20. Ne4 Qc7 21. Nxc5
Nc4 22. Qe2 Rfe8 23. Qc2 Rxe1+ 24. Rxe1 Bc8 25. Qc1 Qb6 26. Nd3 Bf5 27. b3 Nd6
28. Nf4 Bxb1 29. Qxb1 Ne4 30. Qb2 Nf6 31. Rd1 Qc7 32. Ne2 Ne7 33. Ned4 Rc8 34.
Nb5 Qb6 35. a4 Nf5 36. Nbd4 Nd6 37. Ne5 Nde4 38. Rc1 Qc7 39. Ng4 Nh5 40. c4 Kg8
41. Nb5 Qf4 42. Nxa7 Rd8 43. c5 d4 44. c6 Qc7 45. Nb5 1-0

[Event "IMSA Masters Blitz Women"]
[Site "Hengshui CHN"]
[Date "2019.05.17"]
[Round "4.1"]
[White "Zhao, Xue"]
[Black "Koneru, Humpy"]
[Result "0-1"]
[WhiteTitle "GM"]
[BlackTitle "GM"]
[WhiteElo "2485"]
[BlackElo "2553"]
[WhiteFideId "8601283"]
[BlackFideId "5008123"]
[EventDate "2019.05.17"]

1. c4 e6 2. Nf3 Nf6 3. e3 b6 4. b3 Bb7 5. Bb2 d5 6. cxd5 Nxd5 7. a3 Nd7 8. d3 c5
9. Nbd2 N5f6 10. Qc2 Be7 11. g4 Nxg4 12. Rg1 Ngf6 13. Rxg7 Rg8 14. Rxg8+ Nxg8
15. O-O-O Qc7 16. Kb1 O-O-O 17. Be2 Ngf6 18. Ng5 Nd5 19. h4 Qh2 20. Nde4 f5 21.
Nf3 Qc7 22. Neg5 Nf8 23. Nf7 Re8 24. N7e5 Ng6 25. h5 Nxe5 26. Nxe5 Bf6 27. Nc4
Bxb2 28. Qxb2 Rg8 29. Qf6 Nxf6 0-1

[Event "IMSA Masters Blitz Women"]
[Site "Hengshui CHN"]
[Date "2019.05.17"]
[Round "4.4"]
[White "Gunina, Valentina"]
[Black "Ushenina, Anna"]
[Result "1-0"]
[WhiteTitle "GM"]
[BlackTitle "GM"]
[WhiteElo "2506"]
[BlackElo "2442"]
[WhiteFideId "4167570"]
[BlackFideId "14110911"]
[EventDate "2019.05.17"]

1. e4 c6 2. d4 d5 3. Nc3 dxe4 4. Nxe4 Bf5 5. Ng3 Bg6 6. Nf3 e6 7. c3 Nd7 8. Bc4
Ngf6 9. O-O Be7 10. Qe2 O-O 11. Bb3 c5 12. Rd1 cxd4 13. Nxd4 Qb6 14. Be3 Nc5 15.
Bc4 Qc7 16. Nb5 Qc6 17. Rac1 a6 18. Nd4 Qc7 19. a3 Rfd8 20. h4 Nce4 21. Nxe4
Bxe4 22. Bg5 Bd5 23. Bd3 h6 24. Be3 b5 25. g3 Qb7 26. Qf1 Bf8 27. Bb1 Rac8 28.
Qh3 Be4 29. Bxe4 Qxe4 30. Qg2 Qxg2+ 31. Kxg2 Nd5 32. Kf3 g6 33. Nb3 f5 34. Nd4
Kf7 35. Ke2 Bg7 36. Nb3 Bf8 37. Rd3 Rd7 38. Rcd1 Rdc7 39. Bd4 Bd6 40. Nd2 a5 41.
Nf3 b4 42. cxb4 axb4 43. a4 Rc2+ 44. R1d2 Rc1 45. Be3 Ra1 46. Bxh6 Rxa4 47. Ng5+
Kf6 48. Nxe6 Kxe6 49. Rxd5 Be5 50. Rb5 Rc4 51. Rb6+ Ke7 52. Bg5+ Kf7 53. Rd7+
Ke8 54. Re7+ Kf8 55. Rxe5 Re4+ 56. Rxe4 fxe4 57. Ke3 Kf7 58. Kxe4 b3+ 59. Ke3
Ra2 60. Rxb3 1-0

[Event "IMSA Masters Blitz Women"]
[Site "Hengshui CHN"]
[Date "2019.05.17"]
[Round "4.5"]
[White "Stefanova, Antoaneta"]
[Black "Khotenashvili, Bela"]
[Result "1-0"]
[WhiteTitle "GM"]
[BlackTitle "GM"]
[WhiteElo "2470"]
[BlackElo "2476"]
[WhiteFideId "2902257"]
[BlackFideId "13602640"]
[EventDate "2019.05.17"]

1. d4 Nf6 2. Nc3 d5 3. Bf4 Bf5 4. e3 e6 5. Nf3 a6 6. Ne5 Nbd7 7. g4 Nxe5 8. gxf5
Nc6 9. fxe6 fxe6 10. Bh3 Qd7 11. a3 Bd6 12. Bxd6 cxd6 13. Qf3 O-O 14. Nxd5 Nxd5
15. Qxd5 Rf6 16. Qb3 Kh8 17. d5 Na5 18. Qb4 Qc7 19. Bxe6 Qxc2 20. O-O Nb3 21.
Rae1 Nd2 22. Rc1 Qg6+ 23. Qg4 Nxf1 24. Qxg6 Rxg6+ 25. Kxf1 Rf8 26. Rc7 Rgf6 27.
f4 g5 28. f5 Rxf5+ 29. Bxf5 Rxf5+ 30. Ke2 Rxd5 31. Rxb7 a5 32. b4 axb4 33. axb4
h5 34. b5 g4 35. e4 Rc5 36. Ke3 Rc2 37. b6 Rxh2 38. Rc7 Rb2 39. b7 g3 40. Rc8+
Kh7 41. b8=Q 1-0

[Event "IMSA Masters Blitz Women"]
[Site "Hengshui CHN"]
[Date "2019.05.17"]
[Round "5.1"]
[White "Kosteniuk, Alexandra"]
[Black "Koneru, Humpy"]
[Result "1-0"]
[WhiteTitle "GM"]
[BlackTitle "GM"]
[WhiteElo "2546"]
[BlackElo "2553"]
[WhiteFideId "4128125"]
[BlackFideId "5008123"]
[EventDate "2019.05.17"]

1. c4 e6 2. Nc3 d5 3. d4 Bb4 4. cxd5 exd5 5. Bf4 Nf6 6. e3 O-O 7. Bd3 c5 8. Ne2
Nc6 9. O-O cxd4 10. Nxd4 Nxd4 11. exd4 Bd6 12. Qf3 Bg4 13. Qg3 Nh5 14. Qxg4 Nxf4
15. Rad1 h5 16. Qf3 Qg5 17. Bb1 Rad8 18. g3 Ne6 19. h4 Qg4 20. Qxg4 hxg4 21. Bf5
Bb4 22. Bxg4 Bxc3 23. bxc3 Nc7 24. Rb1 b6 25. Rfe1 Rfe8 26. Be2 Re6 27. Bd3 Rc6
28. Re3 Kf8 29. Be2 Re8 30. Rxe8+ Kxe8 31. Rb3 Ke7 32. Kf1 Kd6 33. Ke1 Ne8 34.
Kd2 Nf6 35. Bf3 Rc4 36. Rb4 Rc7 37. a4 Nd7 38. Rb5 Nf6 39. Kd3 Rc4 40. Rxd5+
Nxd5 41. Kxc4 Ne7 42. Kb5 Kc7 43. Be4 Nc8 44. Bd5 f6 45. c4 Nd6+ 46. Kb4 a5+ 47.
Kc3 Nf5 48. Kd3 Kd6 49. h5 Nh6 50. f3 Nf5 51. g4 Ne7 52. Be4 Ng8 53. f4 Nh6 54.
Bf3 Nf7 55. Ke4 Ke6 56. c5 bxc5 57. dxc5 Nd8 58. Kd4 Kd7 59. Bd5 Kc7 60. g5 1-0

[Event "IMSA Masters Blitz Women"]
[Site "Hengshui CHN"]
[Date "2019.05.17"]
[Round "5.4"]
[White "Gunina, Valentina"]
[Black "Zhao, Xue"]
[Result "0-1"]
[WhiteTitle "GM"]
[BlackTitle "GM"]
[WhiteElo "2506"]
[BlackElo "2485"]
[WhiteFideId "4167570"]
[BlackFideId "8601283"]
[EventDate "2019.05.17"]

1. e4 Nf6 2. e5 Nd5 3. d4 d6 4. Nf3 c6 5. c4 Nb6 6. Nc3 Bg4 7. h3 Bh5 8. g4 Bg6
9. e6 fxe6 10. Ng5 Qd7 11. Bd3 Bxd3 12. Qxd3 Na6 13. Nxh7 O-O-O 14. Ng5 e5 15.
Nf7 Nb4 16. Qe2 exd4 17. Nxh8 d3 18. Qf3 Nc2+ 19. Kf1 Nxa1 20. Qxd3 Qe6 21. b3
d5 22. c5 Nd7 23. Be3 d4 24. Bxd4 Nxc5 25. Qe3 Nc2 26. Qxe6+ Nxe6 27. Be5 Nc5
28. Ng6 Nd3 29. Bg3 e6 30. Kg2 Bb4 31. Ne4 Nde1+ 32. Kf1 Nf3 33. h4 Rd1+ 34. Kg2
Nce1+ 35. Kh3 Ra1 36. h5 Rxa2 37. g5 Re2 38. Nd6+ Bxd6 39. Bxd6 Nxg5+ 40. Kg4
Ne4 41. Bf8 Nxf2+ 42. Kg5 Nxh1 43. Bxg7 Nf3+ 44. Kf6 Ng3 45. h6 Nh5+ 46. Ke7 Ng5
47. Bd4 Nh7 48. Bxa7 Re1 49. Kd6 Ng3 50. Ke7 e5 51. Kd6 Nf5+ 52. Ke6 Nxh6 53.
Bb6 Ng5+ 54. Kf6 Nf3 55. Ke6 e4 56. Ne7+ Kb8 57. Kd7 Ne5+ 58. Ke6 Nd3 59. Ng6 e3 0-1

[Event "IMSA Masters Blitz Women"]
[Site "Hengshui CHN"]
[Date "2019.05.17"]
[Round "6.5"]
[White "Ushenina, Anna"]
[Black "Dzagnidze, Nana"]
[Result "0-1"]
[WhiteTitle "GM"]
[BlackTitle "GM"]
[WhiteElo "2442"]
[BlackElo "2510"]
[WhiteFideId "14110911"]
[BlackFideId "13601903"]
[EventDate "2019.05.17"]

1. d4 Nf6 2. Nf3 e6 3. c4 d5 4. g3 Be7 5. Bg2 O-O 6. Qc2 b6 7. O-O Bb7 8. cxd5
exd5 9. Rd1 Bd6 10. Nc3 a6 11. Ne5 Re8 12. Nc4 Bf8 13. Bg5 Be7 14. Ne3 Nbd7 15.
Qb3 c6 16. Nf5 Bf8 17. e4 g6 18. Ne3 dxe4 19. Nxe4 h6 20. Nxf6+ Nxf6 21. Bxf6
Qxf6 22. Qxb6 Rab8 23. b3 h5 24. d5 Ba8 25. Qxa6 Bc5 26. dxc6 Rb6 27. Qa5 Rxc6
28. Rac1 Bxe3 0-1

[Event "IMSA Masters Blitz Women"]
[Site "Hengshui CHN"]
[Date "2019.05.17"]
[Round "6.6"]
[White "Abdumalik, Zhansaya"]
[Black "Harika, Dronavalli"]
[Result "1/2-1/2"]
[WhiteTitle "IM"]
[BlackTitle "GM"]
[WhiteElo "2464"]
[BlackElo "2492"]
[WhiteFideId "13703544"]
[BlackFideId "5015197"]
[EventDate "2019.05.17"]

1. e4 e6 2. d4 d5 3. Nc3 Bb4 4. e5 c5 5. a3 Bxc3+ 6. bxc3 Ne7 7. a4 Qa5 8. Bd2
Nbc6 9. f4 Bd7 10. Nf3 Qc7 11. Bb5 Na5 12. Bd3 Nc4 13. O-O Nxd2 14. Qxd2 c4 15.
Be2 Qa5 16. Rfb1 O-O-O 17. Ra3 h6 18. Qc1 Bc6 19. Qb2 Nf5 20. Kf2 f6 21. Qb4
Qxb4 22. cxb4 fxe5 23. fxe5 g5 24. h3 Rdf8 25. b5 Be8 26. Ke1 Bg6 27. Bd1 Rh7
28. a5 Rhf7 29. Kd2 Ng3 30. Kc1 Ne4 31. Re3 h5 32. Kb2 Rf4 33. Be2 Kd7 34. Rd1
Ke7 35. Rg1 h4 36. Rd1 Bh5 37. Re1 Bxf3 38. Bxf3 Ng3 39. c3 Nf5 40. R3e2 Ng3 41.
Rc2 R8f7 42. Ra1 Rf8 43. Re1 R4f7 44. Rd2 Rf4 45. Rc2 Nf5 46. Rd2 Ng3 47. Rc2
R4f7 48. Rd2 Rf4 49. Rc2 Kd8 50. Rd2 Kd7 51. Rc2 Ke7 52. Ra1 R8f7 53. Re1 Rf8
54. Rd1 Rb8 55. Ra1 Rbf8 56. a6 b6 57. Re1 R8f7 58. Rd1 Rf8 59. Re1 Nf5 60. Rd2
Ng7 61. Kc2 Ne8 62. Red1 Nc7 63. Rb1 Ne8 64. Re1 Ng7 65. Rde2 Nf5 66. Rd2 Ng3
67. Kb2 Rxf3 68. gxf3 Rxf3 69. Rg2 Kf7 70. Rc1 Kg6 71. Rcc2 Ne4 72. Rh2 Rg3 73.
Rc1 Rf3 74. Rcc2 Rg3 75. Rc1 Rf3 76. Rcc2 Kh5 77. Rc1 Rg3 78. Rcc2 Rf3 79. Rc1
Rg3 80. Rcc2 Rf3 1/2-1/2

[Event "IMSA Masters Blitz Women"]
[Site "Hengshui CHN"]
[Date "2019.05.17"]
[Round "6.8"]
[White "Paehtz, Elisabeth"]
[Black "Muzychuk, Mariya"]
[Result "1-0"]
[WhiteTitle "IM"]
[BlackTitle "GM"]
[WhiteElo "2470"]
[BlackElo "2563"]
[WhiteFideId "4641833"]
[BlackFideId "14114550"]
[EventDate "2019.05.17"]

1. d4 Nf6 2. Nf3 g6 3. Bg5 Bg7 4. Nbd2 d5 5. c3 O-O 6. e3 b6 7. Be2 c5 8. O-O
Nc6 9. Qa4 Bb7 10. Qa3 Nd7 11. b4 cxb4 12. cxb4 f6 13. Bh4 Qe8 14. Nb3 e5 15. b5
Nd8 16. Rac1 Ne6 17. Qd6 Rf7 18. Qb4 Bf8 19. Qd2 Ba3 20. Rc2 Rc8 21. Rxc8 Qxc8
22. Rd1 Qc7 23. Bg3 Rf8 24. dxe5 fxe5 25. Nbd4 Nxd4 26. exd4 Bd6 27. dxe5 Nxe5
28. Nd4 Qf7 29. f3 Nc4 30. Bxc4 Bxg3 31. Bb3 Bf4 32. Qb4 Re8 33. Nc6 Be3+ 34.
Kh1 Bxc6 35. bxc6 Rd8 36. Qc3 Bc5 37. c7 Qxc7 38. Bxd5+ Rxd5 39. Rxd5 Qe7 40.
Qd2 Bb4 41. Rd8+ Kf7 42. Qd5+ Kf6 43. Qd4+ Kg5 44. h4+ Kh6 45. Rd7 Qe1+ 46. Kh2
Be7 47. Qf4+ Kg7 48. Qg5 Kf7 49. Rxa7 Ke8 50. Qb5+ Kf8 51. Ra8+ Kg7 52. Qb2+ Bf6
53. Ra7+ Kh6 54. Qxf6 1-0